000 00811nam a2200265Ia 4500
003 OSt
005 20220912151623.0
006 a|||||r|||| 00| 0
007 ta
008 220909b |||||||| |||| 00| 0 eng d
024 _a49232
037 _cTextual
040 _aCSL
_beng
_cCSL
041 _aeng
082 _aH217(E1691)p1,N75, L7
111 _aInternational conference on recognition and evolution of uraniferous areas (1975 : Vienna)
245 0 _aProceeding on recognition and evolution of uraniferous areas
260 _aVienna
_bInternational Atomic Energy Agency
_c1977
300 _a296p.
_ccm.
490 _aPanel Proceeding series
650 _a Granite rock
650 _aGeology
942 _hH217(E1691)p1,N75, L7
_cTEXL
_2CC
999 _c72598
_d72598